|
|
|
|
| LEADER |
00000naa2a2200000 4500 |
| 001 |
244387 |
| 005 |
20251223091845.0 |
| 035 |
|
|
|a (RuTPU)RU\TPU\book\265770
|
| 035 |
|
|
|a RU\TPU\book\265706
|
| 090 |
|
|
|a 244387
|
| 100 |
|
|
|a 20131022d2013 k y0rusy50 ca
|
| 101 |
0 |
|
|a rus
|
| 102 |
|
|
|a RU
|
| 135 |
|
|
|a drnn ---uucaa
|
| 181 |
|
0 |
|a i
|
| 182 |
|
0 |
|a b
|
| 200 |
1 |
|
|a Математическая модель нелинейной теплообменной системы с запаздыванием
|f А. А. Шилин, В. Г. Букреев, К. И. Койков
|g науч. рук. В. Г. Букреев
|
| 203 |
|
|
|a Текст
|c электронный
|
| 225 |
1 |
|
|a Теплоэнергетика
|
| 300 |
|
|
|a Заглавие с титульного экрана
|
| 320 |
|
|
|a [Библиогр.: с. 222 (6 назв.)]
|
| 337 |
|
|
|a Adobe Reader
|
| 461 |
|
1 |
|0 (RuTPU)RU\TPU\book\263794
|t Современные техника и технологии
|o сборник трудов XIX международной научно-практической конференции студентов, аспирантов и молодых ученых, Томск, 15-19 апреля 2013 г.
|o в 3 т.
|f Национальный исследовательский Томский политехнический университет (ТПУ)
|d 2013
|
| 463 |
|
1 |
|0 (RuTPU)RU\TPU\book\263799
|t Т. 3
|v [С. 221-222]
|d 2013
|
| 610 |
1 |
|
|a труды учёных ТПУ
|
| 610 |
1 |
|
|a электронный ресурс
|
| 610 |
1 |
|
|a математическая модель
|
| 610 |
1 |
|
|a нелинейные системы
|
| 610 |
1 |
|
|a теплообменные системы
|
| 610 |
1 |
|
|a запаздывание
|
| 700 |
|
1 |
|a Шилин
|b А. А.
|c специалист в области электротехники
|c профессор Томского политехнического университета, доктор технических наук
|f 1972-
|g Александр Анатольевич
|3 (RuTPU)RU\TPU\pers\30479
|9 14803
|
| 701 |
|
1 |
|a Букреев
|b В. Г.
|c специалист в области электротехники
|c профессор Томского политехнического университета, доктор технических наук
|f 1952-
|g Виктор Григорьевич
|3 (RuTPU)RU\TPU\pers\26527
|9 12221
|
| 701 |
|
1 |
|a Койков
|b К. И.
|
| 702 |
|
1 |
|a Букреев
|b В. Г.
|c специалист в области электротехники
|c профессор Томского политехнического университета, доктор технических наук
|f 1952-
|g Виктор Григорьевич
|3 (RuTPU)RU\TPU\pers\26527
|4 727
|
| 712 |
0 |
2 |
|a Национальный исследовательский Томский политехнический университет (ТПУ)
|b Энергетический институт (ЭНИН)
|b Кафедра электропривода и электрооборудования (ЭПЭО)
|3 (RuTPU)RU\TPU\col\18674
|
| 801 |
|
2 |
|a RU
|b 63413507
|c 20131022
|g RCR
|
| 856 |
4 |
|
|u http://www.lib.tpu.ru/fulltext/c/2013/C01/V3/107.pdf
|
| 942 |
|
|
|c CF
|